Library Logo

Pioneer International University Library Catalogue

Kurwa na Doto : (Record no. 9312)

MARC details
000 -LEADER
fixed length control field 00752cam a22002291 4500
001 - CONTROL NUMBER
control field 6228568
003 - CONTROL NUMBER IDENTIFIER
control field OSt
005 - DATE AND TIME OF LATEST TRANSACTION
control field 20250901165807.0
008 - FIXED-LENGTH DATA ELEMENTS--GENERAL INFORMATION
fixed length control field 870610s1960 tz 000 1 swa
010 ## - LIBRARY OF CONGRESS CONTROL NUMBER
LC control number 77244998
035 ## - SYSTEM CONTROL NUMBER
System control number (OCoLC)15875438
040 ## - CATALOGING SOURCE
Original cataloging agency DLC
Transcribing agency WaU
Modifying agency WU
-- DLC
042 ## - AUTHENTICATION CODE
Authentication code premarc
050 00 - LIBRARY OF CONGRESS CALL NUMBER
Classification number PL 8704 .F37 2008
100 1# - MAIN ENTRY--PERSONAL NAME
Personal name Farsy, Muhammad S.
Fuller form of name (Muhammad Saleh)
245 10 - TITLE STATEMENT
Title Kurwa na Doto :
Remainder of title maelezo ya makazi katika kijiji cha Unguja yaani Zanzibar.
260 ## - PUBLICATION, DISTRIBUTION, ETC.
Place of publication, distribution, etc. Dar es Salaam :
Name of publisher, distributor, etc. East African Literature Bureau,
Date of publication, distribution, etc. 1960.
300 ## - PHYSICAL DESCRIPTION
Extent 62 p. ;
Dimensions 19 cm.
500 ## - GENERAL NOTE
General note Added t.p.: Kurwa and Doto: a novel depicting life in a typical Zanzibar village.
906 ## - LOCAL DATA ELEMENT F, LDF (RLIN)
a 7
b cbc
c oclcrpl
d u
e ncip
f 19
g y-gencatlg
942 ## - ADDED ENTRY ELEMENTS (KOHA)
Source of classification or shelving scheme Library of Congress Classification
Koha item type Books
Holdings
Withdrawn status Lost status Source of classification or shelving scheme Damaged status Not for loan Collection Home library Current library Shelving location Date acquired Source of acquisition Total checkouts Full call number Barcode Date last seen Price effective from Koha item type
    Library of Congress Classification       Main Library Main Library   03/20/2025 Donation from KICD   PL 8704 .F37 2008 PIUD0000217 03/20/2025 03/20/2025 Books